000 00607nam a22001817a 4500
999 _c14941
_d14941
003 AR-CdUCM
008 190425b ||||| |||| 00| 0 spa d
040 _aMUNICIPALIDAD PROVINCIAL DEL CUSCO
_cBIBLIOTECA MUNICIPAL DEL CUSCO
082 _aC / 051.61 /
_bR46
100 _aUniversidad del Cuzco
_933922
245 _aRevista universitaria /
260 _aCusco :
_bEl Trabajo,
_c1912.
300 _a57 páginas ;
_c21 cm.
440 _aRevista universitaria
_n01
_933923
505 _aEvolución histórica -- Recuerdo de Venecia -- Etnografia de los indios de Acoma...
942 _2ddc
_cPP
945 _awfj